[Event "Astana 65 Victory Day"]
[Site "Astana"]
[Date "2010.04.22"]
[Round "14"]
[White "Serikbayev, Yerlan"]
[Black "Khusnutdinov, Rustam"]
[Result "0-1"]
[WhiteElo "2299"]
[BlackElo "2527"]
[PlyCount "66"]
[EventDate "2010.03.26"]
[EventType "tourn"]
[EventRounds "14"]
[EventCountry "KAZ"]
[EventCategory "3"]
[SourceTitle "EXT 2012"]
[Source "ChessBase"]
[SourceDate "2011.11.24"]
[SourceVersion "1"]
[SourceVersionDate "2011.11.24"]
[SourceQuality "1"]

1. d4 Nf6 2. c4 g6 3. Nc3 d5 4. cxd5 Nxd5 5. e4 Nxc3 6. bxc3 Bg7 7. Bc4 c5 8. Ne2 0-0 9. 0-0 Nc6 10. Be3 Qc7 11. Rc1 Rd8 12. Qa4 b6 13. h3 Na5 14. Bd3 e6 15. f4 Bb7 16. g4 f5 17. Ng3 Re8 18. dxc5 bxc5 19. Rb1 Rad8 20. Bb5 Re7 21. Rfd1 Rxd1+ 22. Rxd1 Bxc3 23. Rc1 Bd4 24. Bxd4 Qxf4 25. Ne2 Qxe4 26. Kf2 cxd4 27. Qxa5 Qd5 28. Qb4 Rf7 29. g5 d3 30. Nc3 Qf3+ 31. Ke1 Qe3+ 32. Kf1 d2 33. Ra1 Qf3+ 0-1

[Event "Astana 65 Victory Day"]
[Site "Astana"]
[Date "2010.04.19"]
[Round "11"]
[White "Serikbayev, Yerlan"]
[Black "Novoshitskiy, Yevgeniy"]
[Result "1/2-1/2"]
[WhiteElo "2299"]
[BlackElo "2326"]
[PlyCount "67"]
[EventDate "2010.03.26"]
[EventType "tourn"]
[EventRounds "14"]
[EventCountry "KAZ"]
[EventCategory "3"]
[SourceTitle "EXT 2012"]
[Source "ChessBase"]
[SourceDate "2011.11.24"]
[SourceVersion "1"]
[SourceVersionDate "2011.11.24"]
[SourceQuality "1"]

1. e4 e6 2. d4 d5 3. Nc3 Nf6 4. e5 Nfd7 5. f4 c5 6. Nf3 Nc6 7. Be3 a6 8. Qd2 b5 9. Be2 Qb6 10. Nd1 cxd4 11. Nxd4 Bc5 12. c3 b4 13. 0-0 a5 14. Nf2 0-0 15. Kh1 Ba6 16. Bxa6 Qxa6 17. Nd3 Be7 18. Rae1 Rab8 19. Bg1 bxc3 20. bxc3 Nxd4 21. Bxd4 f5 22. exf6 Nxf6 23. Bxf6 Bxf6 24. Nc5 Qc6 25. Nxe6 Bxc3 26. Rc1 Bxd2 27. Rxc6 Rf6 28. g3 Re8 29. Nd4 Rxc6 30. Nxc6 Bb4 31. Rd1 Re2 32. Rxd5 Rxa2 33. Nxb4 axb4 34. Rb5 1/2-1/2

[Event "Astana 65 Victory Day"]
[Site "Astana"]
[Date "2010.04.09"]
[Round "3"]
[White "Serikbayev, Yerlan"]
[Black "Rinas, Oleg G"]
[Result "0-1"]
[WhiteElo "2299"]
[BlackElo "2405"]
[PlyCount "72"]
[EventDate "2010.03.26"]
[EventType "tourn"]
[EventRounds "14"]
[EventCountry "KAZ"]
[EventCategory "3"]
[SourceTitle "EXT 2012"]
[Source "ChessBase"]
[SourceDate "2011.11.24"]
[SourceVersion "1"]
[SourceVersionDate "2011.11.24"]
[SourceQuality "1"]

1. d4 d5 2. c4 c6 3. Nf3 Nf6 4. Nc3 a6 5. cxd5 cxd5 6. Bf4 Nc6 7. Ne5 e6 8. e3 Be7 9. Rc1 0-0 10. Bd3 Nxe5 11. Bxe5 b5 12. 0-0 Bb7 13. Qf3 Rc8 14. Rc2 Qd7 15. Qg3 b4 16. Ne2 Rxc2 17. Bxc2 Rc8 18. Bb1 a5 19. Rc1 Rxc1+ 20. Nxc1 Ne8 21. Qh3 h6 22. Nd3 Ba6 23. Bf4 Bf8 24. Qg3 Nd6 25. Nc5 Qc6 26. Bxh6 Nb7 27. Nd3 Bxd3 28. Bxd3 Qc1+ 29. Bf1 Nd6 30. Bf4 Ne4 31. Qf3 Nd2 32. Qe2 Nxf1 33. Qxf1 Qxb2 34. h4 Qxa2 35. Qb5 b3 36. Qb8 b2 0-1